000 00448cam a2200169ua 4500
001 5220
008 120303n ii |||gr||||Z||||||eng
040 _cMAIN
082 _a811
100 _aFrost, Robert,
_eAuthor,
245 1 1 _aSeleced poems :
_ba critical evaluation /
_cby Robert Frost .
250 _a17th.
260 _aNew Delhi:
_bUnique publishers,
_c2003.
300 _a272p:
_c23cm.
653 _aAmerican poetry in English
942 _cBK
999 _c4402
_d4402